Basic of Electronics (Record no. 21981)

MARC details
000 -LEADER
fixed length control field 00342nam a22001457a 4500
008 - FIXED-LENGTH DATA ELEMENTS--GENERAL INFORMATION
fixed length control field 260213b |||||||| |||| 00| 0 eng d
020 ## - INTERNATIONAL STANDARD BOOK NUMBER
ISBN 978-9355388087
100 ## - MAIN ENTRY--AUTHOR NAME
Personal name B. Iyer
245 ## - TITLE STATEMENT
Title Basic of Electronics
260 ## - PUBLICATION, DISTRIBUTION, ETC. (IMPRINT)
Place of publication New Delhi
Name of publisher Khanna Book Pub
Year of publication 2026
300 ## - PHYSICAL DESCRIPTION
Number of Pages 264
650 ## - SUBJECT ADDED ENTRY--TOPICAL TERM
Topical Term ECE
942 ## - ADDED ENTRY ELEMENTS (KOHA)
Source of classification or shelving scheme Dewey Decimal Classification
Koha item type Books
Holdings
Accession Number Cost, normal purchase price Bill Date Source of acquisition Price effective from Koha item type Withdrawn / writtenoff status Damaged status Not for loan Permanent Location Current Location Shelving location Date acquired Lost/ Missing status department
BE 25242 428.00 27-01-2026 Radha Krishna Anand & Co, Jammu 02/13/2026 Books     Not For Loan MIET Library, Jammu MIET Library, Jammu 76/5 02/13/2026   BE
BE 25243 428.00 27-01-2026 Radha Krishna Anand & Co, Jammu 02/13/2026 Books       MIET Library, Jammu MIET Library, Jammu 11/2 02/13/2026   BE